Formula One teams with 1-2 finishes - Statistics

General Stats
  • This quiz has been taken 3,044 times
    2,931 since last reset
  • The average score is 13 of 19
Answer Stats
1-2 finishes Last 1-2 finish Constructor % Correct
87 2024 Ferrari
99%
49 2024 McLaren
99%
60 2024 Mercedes
99%
31 2024 Red Bull
99%
33 2003 Williams
93%
2 2006 Renault
83%
4 2009 Brawn
78%
8 1978 Lotus
77%
1 2008 BMW
69%
2 1995 Benetton
65%
8 1982 Brabham
65%
4 1950 Alfa Romeo
62%
8 1976 Tyrrell
57%
1 1998 Jordan
51%
6 1967 Cooper
48%
5 1965 BRM
46%
2 1969 Matra
38%
1 1957 Maserati
37%
1 1979 Ligier
26%
No matching quizzes found
Score Distribution
Percent of People with Each Score
Percentile by Number Answered
Your Score History
You have not taken this quiz since the last reset